Школа. Учитель. Искусство: Вторая Всероссийская выставка учебных и творческих работ учащихся и студентов педагогических учебных заведений РСФСР

Bibliografske podrobnosti
Jezik:ruščina
Izdano: Москва, Советский художник, 1983
Teme:
Format: MixedMaterials Knjiga
KOHA link:https://koha.lib.tpu.ru/cgi-bin/koha/opac-detail.pl?biblionumber=156319

MARC

LEADER 00000nam0a2200000 4500
001 156319
005 20231031153022.0
035 |a (RuTPU)RU\TPU\book\169558 
090 |a 156319 
100 |a 20090325d1983 m y0rusy50 ca 
101 0 |a rus 
102 |a RU 
105 |a a z 000zy 
200 1 |a Школа. Учитель. Искусство  |e Вторая Всероссийская выставка учебных и творческих работ учащихся и студентов педагогических учебных заведений РСФСР 
210 |a Москва  |c Советский художник  |d 1983 
215 |a 72 с.  |c ил. 
610 1 |a изобразительное искусство 
610 1 |a выставки 
610 1 |a прикладное искусство 
610 1 |a искусство 
610 1 |a школы 
610 1 |a учителя 
675 |a 7(064)  |v 3 
801 1 |a RU  |b 63413507  |c 20090325  |g PSBO 
801 2 |a RU  |b 63413507  |c 20090813  |g RCR 
942 |c BK